000 003740000a22001450004500
003 LK-CoMWRAF
008 230817t ||||| |||| 00| 0 eng d
040 _aLK-CoMWRAF
_dLK-CoMWRAF
_eLK-CoMWRAF
041 _aeng
082 _a151.1
_bYAS
245 _aYasin Tamil Molipeyarppu
_b
260 _bHathee Book Depot
_aSri Lanka (Colombo 09)
_c1985
300 _ap.17
942 _cBK
999 _c2037
_d2037